<?xml version="1.0" encoding="UTF-8"?>
<collection xmlns="http://www.loc.gov/MARC21/slim">
 <record>
  <leader>01195nam a22001937a 4500</leader>
  <controlfield tag="001">NCT_4_003969</controlfield>
  <controlfield tag="008">240223b        xxu||||| |||| 00| 0 vie d</controlfield>
  <datafield tag="999" ind1=" " ind2=" ">
   <subfield code="c">8073</subfield>
   <subfield code="d">8073</subfield>
  </datafield>
  <datafield tag="020" ind1=" " ind2=" ">
   <subfield code="a">9786048273880</subfield>
   <subfield code="c">110000</subfield>
  </datafield>
  <datafield tag="082" ind1="0" ind2="4">
   <subfield code="2">23rd ed.</subfield>
   <subfield code="a">721</subfield>
   <subfield code="b">Ng100</subfield>
  </datafield>
  <datafield tag="100" ind1="1" ind2=" ">
   <subfield code="a">Nguyễn Thị Thanh Nga</subfield>
  </datafield>
  <datafield tag="245" ind1="1" ind2="0">
   <subfield code="a">Nhập môn cấu tạo kiến trúc</subfield>
   <subfield code="c">Nguyễn Thị Thanh Nga</subfield>
  </datafield>
  <datafield tag="260" ind1=" " ind2=" ">
   <subfield code="a">H.</subfield>
   <subfield code="b">Xây dựng</subfield>
   <subfield code="c">2023</subfield>
  </datafield>
  <datafield tag="300" ind1=" " ind2=" ">
   <subfield code="a">270tr.</subfield>
   <subfield code="b">hình vẽ</subfield>
   <subfield code="c">27 cm</subfield>
  </datafield>
  <datafield tag="520" ind1="3" ind2=" ">
   <subfield code="a">Nội dung tài liệu nhằm giúp người đọc nhận dạng tên, xác định vị trí, chức năng và nguyên lý làm việc của các cấu kiện trong nhà ở dân dụng thấp tầng từ tổng quan đến chi tiết để có thể thiết kế và thể hiện được một phần hồ sơ thiết kế kỹ thuật thi công nhà ở đơn giản thấp tầng.</subfield>
  </datafield>
  <datafield tag="653" ind1=" " ind2=" ">
   <subfield code="a">Kiến trúc</subfield>
  </datafield>
  <datafield tag="942" ind1=" " ind2=" ">
   <subfield code="2">ddc</subfield>
   <subfield code="c">BK</subfield>
  </datafield>
  <datafield tag="952" ind1=" " ind2=" ">
   <subfield code="0">0</subfield>
   <subfield code="1">0</subfield>
   <subfield code="2">ddc</subfield>
   <subfield code="4">0</subfield>
   <subfield code="6">721_000000000000000_NG100</subfield>
   <subfield code="7">0</subfield>
   <subfield code="9">28506</subfield>
   <subfield code="a">000001</subfield>
   <subfield code="b">000001</subfield>
   <subfield code="d">2024-02-23</subfield>
   <subfield code="o">721 Ng100</subfield>
   <subfield code="p">MD.22240</subfield>
   <subfield code="r">2024-02-23</subfield>
   <subfield code="v">110000.00</subfield>
   <subfield code="w">2024-02-23</subfield>
   <subfield code="y">BK</subfield>
  </datafield>
  <datafield tag="980" ind1=" " ind2=" ">
   <subfield code="a">Thư viện Trường Đại học Nam Cần Thơ</subfield>
  </datafield>
 </record>
</collection>
